I want my yaya! : (Record no. 112154)
[ view plain ]
| 000 -LEADER | |
|---|---|
| fixed length control field | 00535nam a2200169 a 4500 |
| 001 - CONTROL NUMBER | |
| control field | 3169 |
| 005 - DATE AND TIME OF LATEST TRANSACTION | |
| control field | 20140414131928.0 |
| 008 - FIXED-LENGTH DATA ELEMENTS--GENERAL INFORMATION | |
| fixed length control field | 060202s19uu xx 00 eng d |
| 020 ## - INTERNATIONAL STANDARD BOOK NUMBER | |
| International Standard Book Number | 971-518-034-5 |
| 050 ## - LIBRARY OF CONGRESS CALL NUMBER | |
| Classification number | FIL |
| Item number | G16 2002 |
| 100 ## - MAIN ENTRY--PERSONAL NAME | |
| Personal name | Garcia, Annette |
| 245 ## - TITLE STATEMENT | |
| Title | I want my yaya! : |
| Remainder of title | (Nasaan ang yaya ko?) / |
| Statement of responsibility, etc | Story by Annette Flores Garcia ; illustrations by Isa Nazareno. |
| 260 ## - PUBLICATION, DISTRIBUTION, ETC. (IMPRINT) | |
| Name of publisher, distributor, etc | Lampara Pub. House, |
| Date of publication, distribution, etc | 2002. |
| Place of publication, distribution, etc | Manila, Philippines : |
| 300 ## - PHYSICAL DESCRIPTION | |
| Extent | 1 v. p. : ill. ; cm. |
| 650 ## - SUBJECT ADDED ENTRY--TOPICAL TERM | |
| Topical term or geographic name as entry element | Babysitters |
| General subdivision | Fiction. |
| Withdrawn status | Lost status | Damaged status | Use restrictions | Home library | Current library | Shelving location | Date acquired | Source of acquisition | Cost, normal purchase price | Total Checkouts | Full call number | Barcode | Date last seen | Price effective from | Koha item type |
|---|---|---|---|---|---|---|---|---|---|---|---|---|---|---|---|
| Munich Library | Munich Library | Filipiniana Section | 02/02/2006 | 49.75 | FIL G16 2002 | M3223 | 04/14/2014 | 04/14/2014 | Books |